[Event "Challenge"]
[Site "http://www.queenalice.com/game.php?id=627617"]
[Date "2009.7.30"]
[Round "-"]
[White "snebur1956"]
[Black "fluffy2188"]
[Result "1-0"]
[WhiteElo "1965"]
[BlackElo "1826"]

1. e4 c5 2. Nf3 d6 3. d4 cxd4 4. Nxd4 Nf6 5. Nc3 a6 6. Bc4 e6 7. Bb3 b5 8. O-O
Bb7 9. f3 Nc6 10. Nxc6 Bxc6 11. Be3 Be7 12. a3 O-O 13. Qe1 Rc8 14. Rd1 Qc7 15.
Qg3 Kh8 16. Rfe1 Nd7 17. Ne2 Bb7 18. Nf4 Qd8 19. Re2 Bf6 20. Bxe6 fxe6 21. Nxe6
Qe7 22. Nxf8 Rxf8 23. Qxd6 Qxd6 24. Rxd6 Ne5 25. c3 1-0

[Event "AUTO-ADV-1454"]
[Site "http://www.queenalice.com/game.php?id=643516"]
[Date "2009.8.28"]
[Round "1"]
[White "RobertD"]
[Black "fluffy2188"]
[Result "1-0"]
[WhiteElo "1924"]
[BlackElo "1851"]

1. f4 c5 2. Nf3 Nf6 3. e3 Nc6 4. Be2 d5 5. O-O Bf5 6. d3 e6 7. Nh4 Bg6 8. Nxg6
hxg6 9. c3 Be7 10. Nd2 Qc7 11. a3 O-O-O 12. b4 g5 13. g3 gxf4 14. exf4 Bd6 15.
bxc5 Bxc5+ 16. d4 Nxd4 17. Kh1 Nxe2 18. Qxe2 Qc6 19. Qf3 Rh3 20. Nb3 Bb6 21. Nd4
Rdh8 22. Ra2 Qc4 23. Rff2 Kb8 24. Rac2 Ne4 25. Rg2 Bxd4 26. cxd4 Qxd4 27. Bb2
Qb6 28. Be5+ Ka8 29. Rb2 Qc5 30. f5 exf5 31. Rbc2 Qb5 32. Rb2 Qc6 33. Rgc2 Qh6
34. Qxf5 Nd6 35. Qd7 Qe3 36. Bxd6 1-0

[Event "AUTO-ADV-1454"]
[Site "http://www.queenalice.com/game.php?id=643517"]
[Date "2009.8.28"]
[Round "1"]
[White "fluffy2188"]
[Black "RobertD"]
[Result "0-1"]
[WhiteElo "1838"]
[BlackElo "1937"]

1. e4 e5 2. Nf3 d6 3. Bc4 h6 4. O-O Be6 5. Bxe6 fxe6 6. d4 exd4 7. Nxd4 Qd7 8.
Qh5+ Qf7 9. Qb5+ c6 10. Qb3 e5 11. Qxf7+ Kxf7 12. Nf3 Nf6 13. Nc3 g5 14. Be3
Nbd7 15. Rad1 Be7 16. Nd2 b6 17. Nc4 Ke6 18. b4 d5 19. exd5+ Nxd5 20. Nxd5 cxd5
21. Nb2 Bxb4 22. Nd3 Bd6 23. Nb2 d4 24. Bc1 Rac8 25. Rd2 Rc6 26. Rdd1 Rxc2 27.
Rd2 Rxd2 28. Bxd2 Rc8 29. Rc1 Nc5 30. Nd3 e4 31. Nb2 Bf4 32. Bxf4 gxf4 33. Na4
Kd5 34. Nb2 e3 35. fxe3 fxe3 0-1

[Event "AUTO-ADV-1454"]
[Site "http://www.queenalice.com/game.php?id=643528"]
[Date "2009.8.28"]
[Round "1"]
[White "aldav"]
[Black "fluffy2188"]
[Result "0-1"]
[WhiteElo "1555"]
[BlackElo "1983"]

1. d4 d5 2. e3 Nf6 3. c4 e6 4. c5 b6 5. b4 Na6 6. Bxa6 Bxa6 7. Qa4+ Qd7 8. Qxa6
Be7 9. Nf3 O-O 10. Ne5 Qe8 11. O-O Ne4 12. Nd2 Nf6 13. a4 Rd8 14. Nc6 Qxc6 15.
Qb5 Qa8 16. cxb6 cxb6 17. Bb2 Rc8 18. Rac1 Qb7 19. Rc3 Rxc3 20. Bxc3 Rc8 21. Rc1
a6 0-1

[Event "AUTO-ADV-1454"]
[Site "http://www.queenalice.com/game.php?id=643529"]
[Date "2009.8.28"]
[Round "1"]
[White "fluffy2188"]
[Black "aldav"]
[Result "1-0"]
[WhiteElo "1981"]
[BlackElo "1557"]

1. e4 e5 2. Nf3 d6 3. Bc4 Nf6 4. Ng5 Be6 5. Nxe6 fxe6 6. Bxe6 Nbd7 7. O-O Qe7 8.
Bxd7+ Qxd7 9. f4 exf4 10. d4 O-O-O 11. Nc3 g5 12. d5 Re8 13. Qd4 Bg7 14. Qxa7
Kd8 15. Qxb7 Ke7 16. Re1 Kf7 17. Qb5 Qxb5 18. Nxb5 Rxe4 19. Rxe4 Nxe4 20. c3 c6
21. dxc6 1-0

[Event "AUTO-ADV-1454"]
[Site "http://www.queenalice.com/game.php?id=643536"]
[Date "2009.8.28"]
[Round "1"]
[White "fluffy2188"]
[Black "Wenderson"]
[Result "1-0"]
[WhiteElo "1975"]
[BlackElo "1723"]

1. e4 e5 2. Nf3 Nc6 3. Bc4 Nf6 4. Ng5 d5 5. exd5 Nxd5 6. d4 Nxd4 7. c3 Nb6 8.
Bxf7+ Ke7 9. cxd4 h6 10. O-O hxg5 11. Bxg5+ 1-0

[Event "AUTO-ADV-1454"]
[Site "http://www.queenalice.com/game.php?id=643537"]
[Date "2009.8.28"]
[Round "1"]
[White "Wenderson"]
[Black "fluffy2188"]
[Result "1-0"]
[WhiteElo "1745"]
[BlackElo "1953"]

1. e4 c5 2. Nf3 d6 3. Bb5+ Bd7 4. Bxd7+ Nxd7 5. O-O Ngf6 6. d3 g6 7. Nc3 Bg7 8.
Re1 O-O 9. Be3 a6 10. a3 b5 11. b4 cxb4 12. axb4 Rc8 13. Nd5 Nxd5 14. exd5 Bxa1
15. Qxa1 Nf6 16. Bh6 Re8 17. Re2 e6 18. dxe6 fxe6 19. Ng5 e5 20. Qxa6 Rb8 21.
Qa2+ d5 22. Qa7 Re7 23. Qa1 Ra8 24. Qe1 d4 25. h3 Rea7 26. Kh2 1-0

[Event "Challenge"]
[Site "http://www.queenalice.com/game.php?id=655528"]
[Date "2009.9.20"]
[Round "-"]
[White "fluffy2188"]
[Black "suman"]
[Result "1-0"]
[WhiteElo "1977"]
[BlackElo "1247"]

1. e4 e5 2. Nf3 Nc6 3. Bc4 Bc5 4. c3 Nf6 5. d4 exd4 6. cxd4 Bb4+ 7. Nc3 Nxe4 8.
O-O Nxc3 9. bxc3 Bxc3 10. Qb3 Bxa1 11. Bxf7+ Kf8 12. Bg5 Ne7 13. Ne5 g6 14. Bh6#
1-0

[Event "Challenge"]
[Site "http://www.queenalice.com/game.php?id=655529"]
[Date "2009.9.20"]
[Round "-"]
[White "fluffy2188"]
[Black "suman"]
[Result "1-0"]
[WhiteElo "1979"]
[BlackElo "1205"]

1. e4 e5 2. Nf3 Nc6 3. Bc4 Bc5 4. c3 Nf6 5. d4 exd4 6. cxd4 Bb4+ 7. Nc3 Nxe4 8.
O-O Nxc3 9. bxc3 Bxc3 10. Qb3 Bxa1 11. Bxf7+ Kf8 12. Bg5 Ne7 13. Ne5 d6 14. Bg6
1-0

[Event "AUTO-ADV-1493"]
[Site "http://www.queenalice.com/game.php?id=662505"]
[Date "2009.10.4"]
[Round "1"]
[White "fluffy2188"]
[Black "ferrari"]
[Result "1-0"]
[WhiteElo "1989"]
[BlackElo "1674"]

1. e4 c5 2. Nf3 d6 3. Bc4 e6 4. O-O Nc6 5. c3 Nf6 6. Re1 Be7 7. d4 cxd4 8. cxd4
O-O 9. Nc3 Na5 10. Bd3 b6 11. Bg5 Bb7 12. Qc2 e5 13. dxe5 dxe5 14. Nxe5 h6 15.
Bh4 Nc6 16. Nxc6 1-0

[Event "AUTO-ADV-1493"]
[Site "http://www.queenalice.com/game.php?id=662506"]
[Date "2009.10.4"]
[Round "1"]
[White "ferrari"]
[Black "fluffy2188"]
[Result "0-1"]
[WhiteElo "1678"]
[BlackElo "1985"]

1. e4 c5 2. Nf3 d6 3. d4 cxd4 4. Nxd4 Nf6 5. Nc3 a6 6. Bg5 e6 7. Bd3 b5 8. O-O
Be7 9. a4 b4 10. Nce2 Bb7 11. Ng3 Nbd7 12. Re1 O-O 13. c3 bxc3 14. bxc3 Rc8 15.
Rc1 h6 0-1

[Event "AUTO-ADV-1493"]
[Site "http://www.queenalice.com/game.php?id=662507"]
[Date "2009.10.4"]
[Round "1"]
[White "fluffy2188"]
[Black "doido"]
[Result "0-1"]
[WhiteElo "1929"]
[BlackElo "1789"]

1. e4 c5 2. Nf3 Nc6 3. Bb5 g6 4. O-O Bg7 5. c3 d6 6. d4 cxd4 7. cxd4 Nf6 8. d5
Qb6 9. Qa4 Bd7 10. dxc6 bxc6 11. Bd3 c5 12. Qa6 O-O 13. Nc3 Bg4 14. Qxb6 axb6
15. e5 Nd7 16. exd6 exd6 17. Bf4 Bxf3 18. gxf3 Rfe8 19. Bxd6 Nf8 20. Nd5 Rad8
21. Bxf8 Kxf8 22. Bc4 Bxb2 0-1

[Event "AUTO-ADV-1493"]
[Site "http://www.queenalice.com/game.php?id=662508"]
[Date "2009.10.4"]
[Round "1"]
[White "doido"]
[Black "fluffy2188"]
[Result "1-0"]
[WhiteElo "1811"]
[BlackElo "1907"]

1. e4 c5 2. Nf3 d6 3. d4 cxd4 4. Nxd4 Nf6 5. Nc3 a6 6. Bg5 e6 7. Nb3 Be7 8. h4
b5 9. Qf3 Bb7 10. Bxf6 Bxf6 11. Bd3 Nd7 12. h5 b4 13. Na4 O-O 14. c3 bxc3 15.
Nxc3 Ne5 16. Qe2 Nxd3+ 17. Qxd3 Rc8 18. h6 g6 19. Nd2 Qb6 20. Nc4 Qb4 21. Nxd6
Rcd8 22. Rd1 Qxb2 23. Ne2 1-0

[Event "AUTO-ADV-1493"]
[Site "http://www.queenalice.com/game.php?id=662509"]
[Date "2009.10.4"]
[Round "1"]
[White "fluffy2188"]
[Black "Alcamo"]
[Result "0-1"]
[WhiteElo "1887"]
[BlackElo "1821"]

1. e4 g6 2. d4 Bg7 3. Nc3 d6 4. Be3 a6 5. Nf3 Nf6 6. Qd2 b5 7. Bd3 Nc6 8. O-O h6
9. Rad1 Bg4 10. Qe2 Qc8 11. h3 Bxf3 12. Qxf3 O-O 13. e5 dxe5 14. Qxc6 exd4 15.
Bxd4 Qd8 16. Be3 Qc8 17. Nd5 Nxd5 18. Qxd5 c6 19. Qb3 Qc7 20. Bxg6 e6 21. Bd3
Rfd8 22. Be4 Rxd1 23. Rxd1 a5 24. Qd3 f5 25. Bf3 Kh7 0-1

[Event "AUTO-ADV-1493"]
[Site "http://www.queenalice.com/game.php?id=662510"]
[Date "2009.10.4"]
[Round "1"]
[White "Alcamo"]
[Black "fluffy2188"]
[Result "1-0"]
[WhiteElo "1840"]
[BlackElo "1868"]

1. d4 d5 2. Nf3 Nf6 3. c4 e6 4. Nc3 Nbd7 5. Bf4 c6 6. e3 Qa5 7. Qc2 Ne4 8. Bd3
Nxc3 9. bxc3 Be7 10. O-O O-O 11. Bxh7+ Kh8 12. Bd3 dxc4 13. Bxc4 Qh5 14. Be2 Qd5
15. h4 Nf6 16. Ng5 Kg8 17. Be5 g6 18. g4 c5 19. Bxf6 Bxf6 20. Bf3 Qd6 21. Ne4
Qe7 22. Nxf6+ Qxf6 23. Bg2 Qxh4 24. f3 cxd4 25. cxd4 Bd7 26. Qe4 1-0

[Event "AUTO-ADV-1166"]
[Site "http://www.queenalice.com/game.php?id=670676"]
[Date "2009.10.22"]
[Round "2"]
[White "Rutty"]
[Black "fluffy2188"]
[Result "1-0"]
[WhiteElo "1989"]
[BlackElo "1975"]

1. e4 c5 2. Nf3 d6 3. Bc4 Nf6 4. d3 a6 5. a4 Nc6 6. c3 Bg4 7. h3 Bh5 8. Be3 Ne5
9. Nbd2 Nxc4 10. Nxc4 e6 11. g4 Bg6 12. Bg5 Be7 13. Qb3 Qc7 14. Bxf6 Bxf6 15.
O-O-O O-O 16. h4 1-0

[Event "AUTO-ADV-1166"]
[Site "http://www.queenalice.com/game.php?id=670677"]
[Date "2009.10.22"]
[Round "2"]
[White "fluffy2188"]
[Black "Rutty"]
[Result "0-1"]
[WhiteElo "1992"]
[BlackElo "1972"]

1. e4 e5 2. Nf3 Nc6 3. Bc4 Bc5 4. c3 Nf6 5. d4 exd4 6. cxd4 Bb4+ 7. Nc3 Nxe4 8.
O-O Bxc3 9. d5 Bf6 10. Re1 O-O 11. Rxe4 Ne7 12. Bg5 Bxg5 13. Nxg5 d6 14. Nxh7
Kxh7 15. Qh5+ Kg8 0-1

[Event "AUTO-ADV-1166"]
[Site "http://www.queenalice.com/game.php?id=670682"]
[Date "2009.10.22"]
[Round "2"]
[White "fluffy2188"]
[Black "romerov"]
[Result "0-1"]
[WhiteElo "1956"]
[BlackElo "2274"]

1. e4 e6 2. d4 d5 3. exd5 exd5 4. c4 Nf6 5. Nf3 Bb4+ 6. Nc3 O-O 7. Bd3 Re8+ 8.
Be3 Be6 9. c5 b6 10. O-O Bg4 11. Nb5 a6 12. a3 Ba5 0-1

[Event "AUTO-ADV-1166"]
[Site "http://www.queenalice.com/game.php?id=670683"]
[Date "2009.10.22"]
[Round "2"]
[White "romerov"]
[Black "fluffy2188"]
[Result "1-0"]
[WhiteElo "2271"]
[BlackElo "1960"]

1. d4 d5 2. c4 e6 3. Nf3 Nf6 4. Nc3 c6 5. e3 Qa5 6. h3 Ne4 7. Bd2 Nxd2 8. Qxd2
Nd7 9. Bd3 Nf6 10. O-O Bd6 11. Nxd5 Qxd2 12. Nxf6+ gxf6 13. Nxd2 1-0